Katinahimalayam(കഠിനഹിമാലയം) (Record no. 114603)

MARC details
000 -LEADER
fixed length control field 00457 a2200157 4500
005 - DATE AND TIME OF LATEST TRANSACTION
control field 20251006122235.0
008 - FIXED-LENGTH DATA ELEMENTS--GENERAL INFORMATION
fixed length control field 250806b |||||||| |||| 00| 0 eng d
020 ## - INTERNATIONAL STANDARD BOOK NUMBER
International Standard Book Number 9788197439377
080 ## - UNIVERSAL DECIMAL CLASSIFICATION NUMBER
Universal Decimal Classification number 89M-992
Item number MOH/K
100 ## - MAIN ENTRY--PERSONAL NAME
Personal name Mohandas,Vallikkav
245 ## - TITLE STATEMENT
Title Katinahimalayam(കഠിനഹിമാലയം)
260 ## - PUBLICATION, DISTRIBUTION, ETC. (IMPRINT)
Name of publisher, distributor, etc Paridhi publications
Place of publication, distribution, etc Thiruvananthapuram.
Date of publication, distribution, etc 2024.
300 ## - PHYSICAL DESCRIPTION
Extent 312p.
653 ## - INDEX TERM--UNCONTROLLED
Uncontrolled term Travelogue-Malayalam Literature
942 ## - ADDED ENTRY ELEMENTS (KOHA)
item type Under processing
Holdings
Lost status Source of classification or shelving scheme Not for loan Home library Current library Date acquired Cost, normal purchase price Total Checkouts Full call number Barcode Date last seen Cost, replacement price Price effective from Koha item type
  Universal Decimal Classification   University Library University Library 05/03/2025 332.68   89M-992 MOH/K 00096996 05/03/2025 499.00 05/03/2025 Books
University Library, CUSAT